Movies Quiz

Random Movies or Actor Quiz

Guess the movie Quiz Stats

 Plays Quiz not verified by Sporcle

Challenge
Share
Tweet
Embed
Score 0/15 Timer 10:00
0 Plays Today
Actors Movies % Correct
Kate Winslet, Leonardo DiCaprio, Kathy BatesTitanic
92.1%
John Travolta, Olivia Newton-John, Stockard ChanningGrease
91.1%
Courteney Cox, Rose McGowan, Neve CampbellScream
71.3%
Emilio Estevez, Judd Nelson, Anthony Michael HallThe Breakfast Club
71.3%
Adrien Brody, Emilia Fox, Michael ZebrowskiThe Pianist
67.3%
Jamie Lee Curtis, Michael Palin, Kevin KlineA Fish Called Wanda
62.4%
Tom Hanks, Antonio Banderas, Denzel WashingtonPhiladelphia
53.5%
Paul Newman, Robert Redford, Robert ShawThe Sting
52.5%
Actors Movies % Correct
Tim Curry, Susan Sarandon, Barry BostwickThe Rocky Horror Picture Show
51.5%
Catherine Zeta-Jones, Michael Douglas, Benicio Del ToroTraffic
48.5%
Jon Voight, Burt Reynolds, Ned Beatty, Ronny CoxDeliverance
45.5%
Gene Hackman, Anjelica Huston, Ben StillerThe Royal Tenenbaums
44.6%
Matthew Broderick, Moira Kelly, Nathan LaneThe Lion King
28.7%
Whoopi Goldberg, Oprah Winfrey, Danny GloverThe Colour Purple
22.8%
Cary Grant, Ingrid Bergman, Claude RainsNotorious
12.9%

You're not logged in!

Compare scores with friends on all Sporcle quizzes.
Join for Free
OR
Log In

You Might Also Like...

Show Comments

Extras

Created Dec 20, 2009ReportNominate
Tags:Actor Quiz

Top Quizzes Today


Score Distribution

Your Account Isn't Verified!

In order to create a playlist on Sporcle, you need to verify the email address you used during registration. Go to your Sporcle Settings to finish the process.

Report this User

Report this user for behavior that violates our Community Guidelines.

Details: